Byty budú pre ľudí v núdzi radnica zmenila zámer, v kontajnerovom dome bude aj komunitné centrum

Podrobná bibliografia
Médium: Článok
Jazyk:slovenčina
Fyzický popis:Fotogr.
ISSN:1335-4655
Predmet:

MARC

LEADER 00000nab a2200000 ar4500
001 vtls010106704
003 SK-MaSNL
005 20260303080800.0
008 100616c20100531xo mr|p|||||||000 b|slo
038 |a SNSK 
040 |b slo  |c SNSK  |e AACR2 
041 |a slo 
044 |a xo  |c SK 
080 |a 352  |x (437.671)  |2 2001 
080 |a 351.778.534  |x (437.671)  |2 2001 
245 0 0 |a Byty budú pre ľudí v núdzi  |b radnica zmenila zámer, v kontajnerovom dome bude aj komunitné centrum  |c [autor](hkl) 
300 |b Fotogr. 
610 1 7 |a Košice (Slovensko).  |b Mestské zastupiteľstvo  |2 snsk  |9 94952 
650 0 7 |a unimobunky  |2 snsk  |9 1083111 
650 0 7 |a komunitné centrá  |2 snsk  |9 63599 
650 0 7 |a núdzové bývanie  |2 snsk  |9 835005 
651 7 |a Košice (Slovensko)  |2 snsk  |9 18694 
651 7 |a Luník IX (Košice II, Slovensko)  |2 snsk  |9 29376 
773 0 |t Nový Čas  |g Roč. 20, č. 123 (31.5.2010), s. 9  |x 1335-4655 
852 |a SNSK  |b KIS3GCP 
999 |c 1781951  |d 1783881